Southville International School and Colleges
Your cart is empty.
  • Cart
  • Lists
    Public lists Eva Luna New books Lux_list list_1
    Your lists Log in to create your own lists
  • Log in to your account
  • Your cookies
  • Search history
Southville International School and Colleges
  • Advanced search
  • Recent comments
  • Most popular
  • Libraries

Log in to your account

Log in with GOOGLE


If you do not have an external account, but do have a local account, you can still log in:

  1. Home
  2. MARC view: The social media MBA :
Normal view MARC view ISBD view

The social media MBA : (Record no. 22284)

[ view plain ]
MARC details
000 -LEADER
fixed length control field 01735nam a2200253 a 4500
005 - DATE AND TIME OF LATEST TRANSACTION
control field 20140310183358.0
008 - FIXED-LENGTH DATA ELEMENTS--GENERAL INFORMATION
fixed length control field 121115s19uu xx 00 eng d
020 ## - INTERNATIONAL STANDARD BOOK NUMBER
International Standard Book Number 9781119963233
050 ## - LIBRARY OF CONGRESS CALL NUMBER
Classification number HD 30.2
Item number .H645 2012
100 ## - MAIN ENTRY--PERSONAL NAME
Personal name Holloman, Chister
245 ## - TITLE STATEMENT
Title The social media MBA :
Remainder of title your competitive edge in social media strategy development & delivery /
Statement of responsibility, etc Christer Holloman ; co-authors, Eb Adeyeri ... [et al.].
260 ## - PUBLICATION, DISTRIBUTION, ETC. (IMPRINT)
Place of publication, distribution, etc Chichester, West Sussex, U.K. ; Hoboken, N.J :
Name of publisher, distributor, etc Wiley,
Date of publication, distribution, etc 2012.
300 ## - PHYSICAL DESCRIPTION
Extent x, 265 p. :
Other physical details ill. ;
Dimensions 24 cm.
500 ## - GENERAL NOTE
General note Includes index
520 ## - SUMMARY, ETC.
Summary, etc It's a fact that companies so far have only scratched the surface of what can be achieved with social media. Whatever continent, industry, company size, current degree of social media adoption or your job title, the purpose of this book is to inspire you to see how you can raise the bar further to reap new rewards. It will give you the tools to make a difference to your organisation's social media strategy development and delivery going forward. In addition it will also give you more intellectual support and confidence to discuss social media on a higher level with peers, inspire colleagues or negotiate and create support for increased investments from your leadership team. In The Social Media MBA editor Christer Holloman has crowd sourced 15 thought leaders from 4 continents to offer an exceptional educational programme written for experienced social media professionals just like you.
521 ## - TARGET AUDIENCE NOTE
Target audience note
650 ## - SUBJECT ADDED ENTRY--TOPICAL TERM
Topical term or geographic name as entry element Information technology
General subdivision Management
650 ## - SUBJECT ADDED ENTRY--TOPICAL TERM
Topical term or geographic name as entry element Social media
650 ## - SUBJECT ADDED ENTRY--TOPICAL TERM
Topical term or geographic name as entry element Customer relations
650 ## - SUBJECT ADDED ENTRY--TOPICAL TERM
Topical term or geographic name as entry element Internet marketing
650 ## - SUBJECT ADDED ENTRY--TOPICAL TERM
Topical term or geographic name as entry element Branding (Marketing)
942 ## - ADDED ENTRY ELEMENTS (KOHA)
Koha item type Books
Source of classification or shelving scheme Library of Congress Classification
Call number prefix Foreign
Holdings
Withdrawn status Lost status Source of classification or shelving scheme Damaged status Home library Current library Shelving location Date acquired Source of acquisition Total Checkouts Full call number Barcode Date last seen Date checked out Copy number Price effective from Koha item type
    Library of Congress Classification   College Library College Library Graduate Section 01/20/2014 Donation 1 HD 30.2 .H645 2012 C16193 09/11/2017 09/04/2017 1 01/20/2014 Books

The social media MBA :

APA

Holloman C., . (2012). The social media MBA. Chichester, West Sussex, U.K. ; Hoboken, N.J: Wiley.

Chicago

Holloman Chister, . 2012. The social media MBA. Chichester, West Sussex, U.K. ; Hoboken, N.J: Wiley.

Harvard

Holloman C., . (2012). The social media MBA. Chichester, West Sussex, U.K. ; Hoboken, N.J: Wiley.

MLA

Holloman Chister, . The social media MBA. Chichester, West Sussex, U.K. ; Hoboken, N.J: Wiley. 2012.

  • Place hold
  • Print
  • Cite
  • Add to your cart (remove)
  • Save record
    BIBTEX Dublin Core MARCXML MARC (non-Unicode/MARC-8) MARC (Unicode/UTF-8) MARC (Unicode/UTF-8, Standard) MODS (XML) RIS
  • More searches
    Search for this title in:
    Other Libraries (WorldCat) Other Databases (Google Scholar) Online Stores (Bookfinder.com) Open Library (openlibrary.org)

Exporting to Dublin Core...

SOUTHVILLE LIBRARY

Southville International School and Colleges Library

1281 Tropical Ave. Cor. Luxembourg St., BF Homes International, Las Pinas City

Tel. No. 8256374 / 252358 Loc. 117/146

Powered by Koha